000 00343nam a2200133 i 4500
001 bg
100 1 _aNOWAK, M.
245 0 _aWłaściwości zmęczeniowe poliwęglanu wzmocnionego włóknem szklanym /
_cM. Nowak.
260 _aWrocław,
_c1989.
040 _cBPK
041 _apol
942 _cKS
008 s pl f |000 0 pol
999 _c29246
_d29246
856 _uhttp://koha.tu.koszalin.pl/cgi-bin/koha/opac-detail.pl?biblionumber=29246
_yKatalog online BPK